00353pab a2200121 454500008004000000100002200040245009200062260000900154300001300163362000800176650003100184773001600215180718b2009 xxu||||| |||| 00| 0 eng d aKoul, D.N. et al. aTraditional water management system: exploring Ahars in Hazaribag district of Jharkhand c2009 ap.15-18. aMar aWater resources management aKurukshetra